000 00639nam a2200217Ii 4500
003 JO-AjNU
008 230606s9999||||xx |||||||||||||| ||und||
020 _a978-0-7641-4310-6
040 _aJO-AjNU
_beng
_erda
_cJO-AjNU
041 _aeng
050 1 4 _aHF5621.S54.2010
100 3 _aJoel G. Siegel, Jae K. Shim,
_eauthor
_92432
245 0 0 _aDictionary of Accounting terms
250 _a5 ed
264 3 1 _aHauppauge, N.Y: Barron's Educational Series
300 _a523p
336 _atext
_btxt
_2rdacontent
337 _aunmediated
_bn
_2rdamedia
338 _avolume
_bnc
_2rdacarrier
650 4 _aAccounting -- Dictionaries
_92433
999 _aE1274
_c1274
_d1274